000 00560nam a22001577a 4500
008 160126b xxu||||| |||| 00| 0 eng d
050 _aSPC DT465.G2 G4
100 _aGillmore, Parker
_99046
245 _aThrough Gasa land and the land of the Portuguese aggression
_cParker Gillmore
260 _aLondon
_bHarrison and sons
_c1890
300 _axii, 345p. ;
_c22cm.
650 _aHunting
_zMozambique
_921807
650 _xDescription and travel
_zGaza Province (Mozambique)
_921808
650 _xDescription and travel
_zMozambique
_921809
942 _2lcc
_cSPC
999 _c124040
_d124040